[Event "GBR-ch76"]
[Site "Plymouth"]
[Date "1989.08.04"]
[Round "5.5"]
[White "Haque, Rezaul"]
[Black "King, Daniel John"]
[Result "0-1"]
[WhiteElo "2285"]
[BlackElo "2495"]
[PlyCount "58"]
[EventDate "1989.07.31"]
[EventType "swiss"]
[EventRounds "11"]
[EventCountry "GBR"]
[SourceTitle "BritBase"]
[Source "John Saunders"]
[SourceDate "2023.12.16"]
[SourceVersion "1"]
[SourceVersionDate "2023.12.16"]
[SourceQuality "1"]

1. d4 e6 2. c4 c5 3. Nf3 cxd4 4. Nxd4 a6 5. Nc3 Nf6 6. e4 Qc7 7. Be3 Bb4 8. f3
b5 9. cxb5 d5 10. Qb3 Ba5 11. bxa6 O-O 12. Ndb5 Qe7 13. exd5 Nxd5 14. Bd2 Nxa6
15. Be2 Nc5 16. Qc2 Nb4 17. Qb1 Rd8 18. Be3 Nbd3+ 19. Kf1 Ba6 20. a4 Nb4 21.
Ne4 Nxe4 22. Qxe4 Bb7 23. Qb1 Nd5 24. Bf2 Nf4 25. Bc4 Qg5 26. Rg1 Rd2 27. h4
Rxf2+ 28. Kxf2 Bb6+ 29. Kf1 Qc5 0-1

[Event "GBR-ch76"]
[Site "Plymouth"]
[Date "1989.08.04"]
[Round "5.6"]
[White "Ruxton, Keith"]
[Black "Barua, Dibyendu"]
[Result "0-1"]
[WhiteElo "2325"]
[BlackElo "2470"]
[PlyCount "110"]
[EventDate "1989.07.31"]
[EventType "swiss"]
[EventRounds "11"]
[EventCountry "GBR"]
[SourceTitle "BritBase"]
[Source "John Saunders"]
[SourceDate "2023.12.16"]
[SourceVersion "1"]
[SourceVersionDate "2023.12.16"]
[SourceQuality "1"]

1. e4 e5 2. Nf3 Nc6 3. Bb5 Nd4 4. Nxd4 exd4 5. O-O Bc5 6. d3 c6 7. Bc4 d5 8.
exd5 cxd5 9. Bb5+ Kf8 10. Re1 Be6 11. Ba4 Qf6 12. Nd2 Ne7 13. Qf3 Nf5 14. Nf1
h5 15. Ng3 Nh4 16. Qxf6 gxf6 17. Kf1 Bb4 18. Rd1 Bg4 19. f3 Be6 20. Bd2 Bd6 21.
Kf2 Ke7 22. Re1 Rag8 23. c3 Kd8 24. cxd4 Nxg2 25. Kxg2 h4 26. Rh1 Bf5 27. f4
Bxd3 28. Kf2 hxg3+ 29. hxg3 Be4 30. Rxh8 Rxh8 31. Rg1 Ke7 32. Ke3 Rh2 33. Bb5
f5 34. Be2 a6 35. a3 Kd7 36. b4 b5 37. Bd1 Bb8 38. a4 Ba7 39. Bc3 bxa4 40.
Bxa4+ Kd6 41. Bd1 Ra2 42. Be2 Rc2 43. Ba1 Rc6 44. Bb2 Rc2 45. Ba1 Kc7 46. Bxa6
Kb6 47. Be2 Bb8 48. Rd1 Bd6 49. Rd2 Rc1 50. Rd1 Rc8 51. g4 Rh8 52. Rf1 Rh3+ 53.
Kd2 Bxb4+ 54. Kc1 Rh2 55. Kd1 fxg4 0-1

[Event "GBR-ch76"]
[Site "Plymouth"]
[Date "1989.08.04"]
[Round "5.7"]
[White "Plaskett, H James"]
[Black "Wells, Peter K"]
[Result "1-0"]
[WhiteElo "2460"]
[BlackElo "2400"]
[PlyCount "73"]
[EventDate "1989.07.31"]
[EventType "swiss"]
[EventRounds "11"]
[EventCountry "GBR"]
[SourceTitle "BritBase"]
[Source "John Saunders"]
[SourceDate "2023.12.16"]
[SourceVersion "1"]
[SourceVersionDate "2023.12.16"]
[SourceQuality "1"]

1. Nf3 Nf6 2. d4 e6 3. Bg5 h6 4. Bh4 c5 5. e3 Be7 6. Bd3 b6 7. O-O Bb7 8. c3
O-O 9. Nbd2 Nc6 10. a3 d5 11. Qe2 a5 12. dxc5 bxc5 13. e4 Re8 14. Rfe1 Qb8 15.
Bg3 Qc8 16. Rad1 Nh5 17. c4 dxe4 18. Qxe4 g6 19. Qe3 Kh7 20. Ne4 Nd4 21. Ne5
Rf8 22. Ng4 Nf5 23. Qc1 Qc6 24. Ne5 Qc8 25. Bf4 Nxf4 26. Qxf4 Qc7 27. Nxg6 Qxf4
28. Nxf4 Rad8 29. Ng3 Bd6 30. Nxf5 exf5 31. Bxf5+ Kg7 32. Nh5+ Kh8 33. h3 Ba6
34. Bd3 Bc7 35. b3 Rd4 36. a4 Rb8 37. Bc2 1-0

[Event "GBR-ch76"]
[Site "Plymouth"]
[Date "1989.08.04"]
[Round "5.8"]
[White "Ravi, Lanka"]
[Black "Emms, John M"]
[Result "0-1"]
[WhiteElo "2410"]
[BlackElo "2300"]
[PlyCount "75"]
[EventDate "1989.07.31"]
[EventType "swiss"]
[EventRounds "11"]
[EventCountry "GBR"]
[SourceTitle "BritBase"]
[Source "John Saunders"]
[SourceDate "2023.12.16"]
[SourceVersion "1"]
[SourceVersionDate "2023.12.16"]
[SourceQuality "1"]

1. d4 Nf6 2. Nf3 e6 3. c4 b6 4. a3 Ba6 5. Qc2 Bb7 6. Nc3 c5 7. dxc5 bxc5 8. Bg5
Qa5 9. Bd2 Qb6 10. e3 Nc6 11. Be2 Be7 12. O-O O-O 13. Rfd1 Rab8 14. Na4 Qc7 15.
Bc3 d6 16. b4 Ba8 17. Rab1 h6 18. h3 Rfe8 19. Ne1 a6 20. b5 axb5 21. cxb5 Nd8
22. b6 Qc8 23. Bxf6 gxf6 24. e4 Nc6 25. Nf3 Ne5 26. Nd2 Kh8 27. Qc3 Rg8 28. Qe3
Kh7 29. Nc3 f5 30. f4 Ng6 31. Bf3 Nh4 32. Kh2 Bf6 33. Ne2 Qa6 34. b7 Rxb7 35.
e5 Rxb1 36. Rxb1 dxe5 37. fxe5 Bg5 38. Nf4 0-1

[Event "GBR-ch76"]
[Site "Plymouth"]
[Date "1989.08.04"]
[Round "5.9"]
[White "Burgess, Graham K"]
[Black "Hebden, Mark L"]
[Result "1-0"]
[WhiteElo "2350"]
[BlackElo "2520"]
[PlyCount "81"]
[EventDate "1989.07.31"]
[EventType "swiss"]
[EventRounds "11"]
[EventCountry "GBR"]
[SourceTitle "BritBase"]
[Source "John Saunders"]
[SourceDate "2023.12.16"]
[SourceVersion "1"]
[SourceVersionDate "2023.12.16"]
[SourceQuality "1"]

1. d4 Nf6 2. c4 g6 3. Nc3 Bg7 4. e4 d6 5. Nf3 O-O 6. Be2 e5 7. O-O Nc6 8. d5
Ne7 9. Ne1 Nd7 10. Be3 f5 11. f3 Kh8 12. Nd3 f4 13. Bf2 g5 14. c5 Rf6 15. cxd6
cxd6 16. Nb5 a6 17. Na7 Rg6 18. Rc1 Nf6 19. Nxc8 Rxc8 20. Qb3 Qd7 21. Rxc8+
Qxc8 22. Rc1 Qd7 23. Qc3 Ne8 24. h3 Bf6 25. b3 h5 26. Nb2 Rg7 27. Na4 Kh7 28.
Nb6 Qd8 29. b4 Ng8 30. Qc8 Rc7 31. Rxc7+ Nxc7 32. Qxb7 Kg6 33. Qc8 Nh6 34. Qxd8
Bxd8 35. Nc8 Nf7 36. Bb6 Kg7 37. a4 Kf8 38. Bxc7 Bxc7 39. Bxa6 Ke8 40. b5 Kd7
41. b6 1-0

[Event "GBR-ch76"]
[Site "Plymouth"]
[Date "1989.08.04"]
[Round "5.10"]
[White "Conquest, Stuart C"]
[Black "Pein, Malcolm"]
[Result "1-0"]
[WhiteElo "2515"]
[BlackElo "2385"]
[PlyCount "95"]
[EventDate "1989.07.31"]
[EventType "swiss"]
[EventRounds "11"]
[EventCountry "GBR"]
[SourceTitle "BritBase"]
[Source "John Saunders"]
[SourceDate "2023.12.16"]
[SourceVersion "1"]
[SourceVersionDate "2023.12.16"]
[SourceQuality "1"]

1. Nf3 Nf6 2. c4 c5 3. Nc3 Nc6 4. d4 cxd4 5. Nxd4 g6 6. e4 Bg7 7. Be3 Ng4 8.
Qxg4 Bxd4 9. Bxd4 Nxd4 10. O-O-O e5 11. f4 d6 12. Qg3 f6 13. h4 Be6 14. h5 g5
15. fxg5 fxg5 16. h6 Qf6 17. Kb1 O-O-O 18. Bd3 Rdf8 19. Rdf1 Qe7 20. Qe3 Rf6
21. Rc1 Kb8 22. Qxg5 Rg8 23. Qd2 Rfg6 24. Bf1 Qf7 25. Nd5 Bxd5 26. cxd5 Rf6 27.
Qc3 Rf2 28. a3 Qd7 29. Qe3 Rgf8 30. Ka2 Qd8 31. Rg1 Nc2 32. Qc3 Qb6 33. Bc4 Rc8
34. Qb3 Ne3 35. Bb5 Rxc1 36. Rxc1 a6 37. Bd7 Qxb3+ 38. Kxb3 Rxg2 39. Rc8+ Ka7
40. Rh8 Nd1 41. Rxh7 Rxb2+ 42. Kc4 Kb6 43. Rg7 Rf2 44. Rg3 Rc2+ 45. Kb3 Rb2+
46. Ka4 Rf2 47. h7 Rf8 48. Bf5 1-0

[Event "GBR-ch76"]
[Site "Plymouth"]
[Date "1989.08.04"]
[Round "5.13"]
[White "Crawley, Gavin"]
[Black "Murugan, Krishnamoorthy"]
[Result "1-0"]
[WhiteElo "2380"]
[BlackElo "2450"]
[PlyCount "141"]
[EventDate "1989.07.31"]
[EventType "swiss"]
[EventRounds "11"]
[EventCountry "GBR"]
[SourceTitle "BritBase"]
[Source "John Saunders"]
[SourceDate "2023.12.16"]
[SourceVersion "1"]
[SourceVersionDate "2023.12.16"]
[SourceQuality "1"]

1. e4 c5 2. Nf3 e6 3. d4 cxd4 4. Nxd4 Nf6 5. Nc3 d6 6. Bc4 Be7 7. O-O O-O 8.
Qe2 a6 9. a3 Qc7 10. Ba2 Nc6 11. Be3 Bd7 12. f4 Rae8 13. f5 Nxd4 14. Bxd4 Bd8
15. Qd3 exf5 16. exf5 Bc6 17. Rad1 Nd7 18. Bd5 Bf6 19. Bxf6 Nxf6 20. Bxc6 bxc6
21. Qxa6 d5 22. Rd4 Re3 23. Nd1 Qe5 24. Rdf4 Re4 25. Rxe4 dxe4 26. Qe2 Rd8 27.
c3 h6 28. Ne3 Rd3 29. Kh1 Qb5 30. Ng4 Nxg4 31. Qxg4 Rxc3 32. Rg1 Re3 33. f6 Qg5
34. Qc8+ Kh7 35. fxg7 Qxg7 36. Qxc6 Qxb2 37. Rf1 Qf2 38. Qc1 Rc3 39. Qd1 Qa2
40. Qd7 Qf2 41. Qd1 Qc2 42. Qd5 Rc7 43. h3 Qd3 44. Qf5+ Kg8 45. Qg4+ Kh7 46.
Rd1 Qc4 47. Rd8 f6 48. Re8 Qf1+ 49. Kh2 Rg7 50. Qxe4+ f5 51. Rf8 fxe4 52. Rxf1
Ra7 53. Ra1 Kg6 54. a4 Ra5 55. Kg3 Kf5 56. Kf2 h5 57. g3 h4 58. g4+ Kf4 59. Ra3
Rc5 60. a5 e3+ 61. Ke2 Rc2+ 62. Kd1 Rd2+ 63. Ke1 Kf3 64. a6 Rb2 65. Kd1 Kf2 66.
Kc1 Rb4 67. a7 e2 68. Rf3+ Kg2 69. Kd2 Ra4 70. Rf7 Kxh3 71. g5 1-0

[Event "GBR-ch76"]
[Site "Plymouth"]
[Date "1989.08.04"]
[Round "5.14"]
[White "Cooper, John Grantley"]
[Black "Cullip, Stephen J"]
[Result "1/2-1/2"]
[WhiteElo "2390"]
[BlackElo "2300"]
[PlyCount "46"]
[EventDate "1989.07.31"]
[EventType "swiss"]
[EventRounds "11"]
[EventCountry "GBR"]
[SourceTitle "BritBase"]
[Source "John Saunders"]
[SourceDate "2023.12.16"]
[SourceVersion "1"]
[SourceVersionDate "2023.12.16"]
[SourceQuality "1"]

1. Nf3 c5 2. c4 Nf6 3. Nc3 e6 4. g3 b6 5. Bg2 Bb7 6. O-O Be7 7. d4 cxd4 8. Qxd4
d6 9. Rd1 a6 10. Bg5 Nbd7 11. Qd2 h6 12. Bf4 Rc8 13. Bxd6 Rxc4 14. Ne5 Nxe5 15.
Bxb7 Bxd6 16. Qxd6 Qxd6 17. Rxd6 Rb4 18. b3 a5 19. Rad1 Ke7 20. f4 Ned7 21. e4
Nc5 22. Bc6 Rc8 23. e5 Ne8 1/2-1/2

[Event "GBR-ch76"]
[Site "Plymouth"]
[Date "1989.08.04"]
[Round "5.15"]
[White "Cooper, Lawrence"]
[Black "Morris, Philip J"]
[Result "0-1"]
[WhiteElo "2300"]
[BlackElo "2345"]
[PlyCount "191"]
[EventDate "1989.07.31"]
[EventType "swiss"]
[EventRounds "11"]
[EventCountry "GBR"]
[SourceTitle "BritBase"]
[Source "John Saunders"]
[SourceDate "2023.12.16"]
[SourceVersion "1"]
[SourceVersionDate "2023.12.16"]
[SourceQuality "1"]

1. e4 e5 2. Nf3 Nc6 3. Bc4 Nf6 4. d3 Bc5 5. c3 d6 6. b4 Bb6 7. a4 a6 8. O-O Ne7
9. Nbd2 O-O 10. Bb3 Ng6 11. Nc4 Ba7 12. b5 axb5 13. Ne3 Bxe3 14. Bxe3 bxa4 15.
Rxa4 Rxa4 16. Bxa4 Bd7 17. Bg5 b5 18. Bc2 h6 19. Bd2 c5 20. d4 Qa5 21. dxe5
dxe5 22. Qe1 Be6 23. Qe3 Nd7 24. Rb1 Rb8 25. Qe1 Bc4 26. h4 Nf6 27. Be3 Qc7 28.
Nd2 Be6 29. f3 b4 30. cxb4 cxb4 31. Bb3 Bxb3 32. Nxb3 Qc2 33. Qc1 Qxc1+ 34.
Nxc1 Nxh4 35. Nd3 Rb5 36. Rxb4 Rxb4 37. Nxb4 g5 38. Nc6 Ng6 39. Kf2 Nd7 40. Nb4
Ne7 41. Ke2 f6 42. g4 Kf7 43. Nd3 Kg6 44. Nf2 h5 45. gxh5+ Kxh5 46. Kf1 Ng6 47.
Ng4 Nh4 48. Kf2 Ng6 49. Kg3 Nf4 50. Bxf4 gxf4+ 51. Kg2 Kg5 52. Nf2 Nc5 53. Nh3+
Kh4 54. Nf2 Nb3 55. Ng4 Kg5 56. Nf2 Nd2 57. Nd3 Nc4 58. Nc5 Ne3+ 59. Kf2 Kg6
60. Ke2 Kf7 61. Kd3 Ke7 62. Kc3 Nf1 63. Kd3 Ng3 64. Nb3 Kd6 65. Kd2 f5 66. exf5
Nxf5 67. Kc3 Ke6 68. Nc5+ Kd5 69. Ne4 Nd4 70. Nd2 Ke6 71. Kc4 Kf6 72. Kd3 Kf5
73. Kc3 Kg5 74. Kd3 Kh4 75. Ke4 Kg3 76. Nf1+ Kf2 77. Kxe5 Ne2 78. Nh2 Kg2 79.
Ng4 Kxf3 80. Nh6 Ng3 81. Nf7 Ke3 82. Ng5 Ne2 83. Kf5 Nc3 84. Ke5 Nb1 85. Kf5
Nd2 86. Nf7 Nf3 87. Kg4 Nh2+ 88. Kh3 f3 89. Nd6 f2 90. Nf5+ Kf3 91. Ng3 Ng4 92.
Nf1 Ne3 93. Nh2+ Ke2 94. Kh4 Nf5+ 95. Kh3 Nd4 96. Kg2 0-1

[Event "GBR-ch76"]
[Site "Plymouth"]
[Date "1989.08.04"]
[Round "5.16"]
[White "Large, Peter G"]
[Black "Mestel, A Jonathan"]
[Result "0-1"]
[WhiteElo "2340"]
[BlackElo "2520"]
[PlyCount "110"]
[EventDate "1989.07.31"]
[EventType "swiss"]
[EventRounds "11"]
[EventCountry "GBR"]
[SourceTitle "BritBase"]
[Source "John Saunders"]
[SourceDate "2023.12.16"]
[SourceVersion "1"]
[SourceVersionDate "2023.12.16"]
[SourceQuality "1"]

1. e4 c5 2. Nf3 d6 3. d4 cxd4 4. Nxd4 Nf6 5. Nc3 g6 6. Be2 Bg7 7. O-O O-O 8.
Be3 Nc6 9. Nb3 Be6 10. f4 Rc8 11. Bf3 Bc4 12. Rf2 b5 13. Nd5 e5 14. Nxf6+ Qxf6
15. Bg4 exf4 16. Bxc8 Rxc8 17. c3 g5 18. Bd4 Nxd4 19. Nxd4 b4 20. Nf5 bxc3 21.
bxc3 Be6 22. Nxg7 Kxg7 23. Qxd6 Qxc3 24. Rd1 Rc6 25. Qe7 Qc5 26. Qxc5 Rxc5 27.
Rb2 Ra5 28. Rdd2 Kf6 29. Rb7 Ke5 30. Rbb2 Kxe4 31. Kf2 Ra3 32. Re2+ Kf5 33.
Rec2 a6 34. Rc5+ Kf6 35. Rcc2 g4 36. Rd2 g3+ 37. hxg3 fxg3+ 38. Ke1 h5 39. Re2
h4 40. Kd2 Bf5 41. Re3 Ra4 42. a3 Be4 43. Ke1 Kg5 44. Kf1 Kf4 45. Rc3 Rd4 46.
Rb4 Rd7 47. Ke2 f5 48. Rc8 Rh7 49. Rg8 Rc7 50. Rh8 Rc2+ 51. Ke1 Rxg2 52. Rxh4+
Ke3 53. Kf1 Rd2 54. Rb3+ Bd3+ 55. Ke1 Ra2 0-1

[Event "GBR-ch76"]
[Site "Plymouth"]
[Date "1989.08.04"]
[Round "5.17"]
[White "Kosten, Anthony C"]
[Black "Carr, Neil L"]
[Result "1-0"]
[WhiteElo "2500"]
[BlackElo "2315"]
[PlyCount "61"]
[EventDate "1989.07.31"]
[EventType "swiss"]
[EventRounds "11"]
[EventCountry "GBR"]
[SourceTitle "BritBase"]
[Source "John Saunders"]
[SourceDate "2023.12.16"]
[SourceVersion "1"]
[SourceVersionDate "2023.12.16"]
[SourceQuality "1"]

1. e4 g6 2. d4 Bg7 3. c3 d6 4. f4 e5 5. dxe5 dxe5 6. Qxd8+ Kxd8 7. Nf3 Nd7 8.
Bc4 Ke7 9. O-O exf4 10. Bxf4 c6 11. Nbd2 Bh6 12. Ng5 Bxg5 13. Bxg5+ f6 14. Bh4
g5 15. Bg3 Nh6 16. Bb3 Ng4 17. Nc4 b5 18. Bd6+ Ke8 19. Na5 Nge5 20. Rad1 Nc4
21. Nxc4 bxc4 22. Bxc4 Ne5 23. Bxe5 fxe5 24. Rd6 Bd7 25. Be6 Ke7 26. Rxd7+ Kxe6
27. Rdf7 Kd6 28. b4 Rhe8 29. Rxh7 Re7 30. Rf6+ Re6 31. Rff7 1-0

[Event "GBR-ch76"]
[Site "Plymouth"]
[Date "1989.08.04"]
[Round "5.18"]
[White "Kinsman, Andrew PH"]
[Black "Motwani, Paul"]
[Result "1/2-1/2"]
[WhiteElo "2330"]
[BlackElo "2490"]
[PlyCount "87"]
[EventDate "1989.07.31"]
[EventType "swiss"]
[EventRounds "11"]
[EventCountry "GBR"]
[SourceTitle "BritBase"]
[Source "John Saunders"]
[SourceDate "2023.12.16"]
[SourceVersion "1"]
[SourceVersionDate "2023.12.16"]
[SourceQuality "1"]

1. d4 Nf6 2. Nf3 e6 3. c4 b6 4. g3 Ba6 5. Nbd2 Bb4 6. Qb3 c5 7. Bg2 Nc6 8. dxc5
bxc5 9. O-O O-O 10. Qc2 d5 11. b3 Rc8 12. Bb2 Re8 13. Rad1 d4 14. Ne4 Nxe4 15.
Qxe4 f5 16. Qb1 Qe7 17. e3 dxe3 18. fxe3 Bb7 19. Qc2 Ba5 20. Ne5 Nxe5 21. Bxe5
Bxg2 22. Qxg2 Bc7 23. Ba1 Rcd8 24. e4 Rxd1 25. Rxd1 f4 26. gxf4 Bxf4 27. Qg4
Be3+ 28. Kg2 Rf8 29. Be5 Qf7 30. Kh1 Bd4 31. Bd6 h5 32. Qg2 Rc8 33. e5 a5 34.
Rf1 Qd7 35. Qf3 a4 36. Qxh5 axb3 37. axb3 Ra8 38. Qf3 Qa7 39. Qf4 Qb7+ 40. Qf3
Qa7 41. Qf4 Qb7+ 42. Qf3 Qa7 43. Rd1 Qa2 44. Rf1 1/2-1/2

[Event "GBR-ch76"]
[Site "Plymouth"]
[Date "1989.08.04"]
[Round "5.19"]
[White "Howell, James C"]
[Black "Mack, Andrew L"]
[Result "1-0"]
[WhiteElo "2395"]
[BlackElo "2295"]
[PlyCount "157"]
[EventDate "1989.07.31"]
[EventType "swiss"]
[EventRounds "11"]
[EventCountry "GBR"]
[SourceTitle "BritBase"]
[Source "John Saunders"]
[SourceDate "2023.12.16"]
[SourceVersion "1"]
[SourceVersionDate "2023.12.16"]
[SourceQuality "1"]

1. e4 e6 2. d4 d5 3. Nd2 Nf6 4. e5 Nfd7 5. Bd3 c5 6. c3 Nc6 7. Ne2 cxd4 8. cxd4
f6 9. exf6 Nxf6 10. O-O Bd6 11. Nf3 Qc7 12. Bg5 O-O 13. Bh4 e5 14. dxe5 Nxe5
15. Nxe5 Bxe5 16. Bg3 Bxg3 17. Nxg3 Qb6 18. Qd2 Bd7 19. Rad1 Rad8 20. Qg5 h6
21. Qc1 Kh8 22. h3 a6 23. Rd2 Qd6 24. Bb1 Rc8 25. Qd1 Rcd8 26. Rd4 Be6 27. Qd2
Kg8 28. Rd1 Rc8 29. Nf5 Bxf5 30. Bxf5 Rcd8 31. Bc2 Rfe8 32. Bb3 Qe5 33. Qb4 b5
34. Qc3 Rd6 35. Qc7 Re7 36. Qc8+ Re8 37. Qc3 Re7 38. Qd2 Re8 39. a3 Re7 40. Qb4
Re8 41. R4d3 Red8 42. Re3 Qf5 43. Ba2 Kh8 44. Rd4 Qc8 45. Red3 Qc1+ 46. Rd1 Qc7
47. Qd2 Qd7 48. Qd3 Qe6 49. Bb3 Qe5 50. g3 Re6 51. Kg2 Re7 52. h4 Re6 53. Bc2
Kg8 54. Qf3 Qe2 55. R1d2 Qxf3+ 56. Kxf3 Ne4 57. Bxe4 dxe4+ 58. Ke3 Rde8 59. Rd8
Kf7 60. Rxe8 Rxe8 61. Rd7+ Kf6 62. Rd6+ Ke5 63. Rxa6 Rd8 64. b4 Rd3+ 65. Ke2
Rb3 66. Rb6 Rb2+ 67. Kf1 e3 68. Rxb5+ Ke4 69. fxe3 Kxe3 70. Rc5 Rb3 71. Kg2
Rxa3 72. h5 Rb3 73. Rc4 Rb2+ 74. Kh3 Kf2 75. Rg4 Rb3 76. Rxg7 Rxb4 77. Rf7+ Ke3
78. Rf6 Rb5 79. Rxh6 1-0

[Event "GBR-ch76"]
[Site "Plymouth"]
[Date "1989.08.04"]
[Round "5.20"]
[White "Muir, Andrew J"]
[Black "McNab, Colin Anderson"]
[Result "1/2-1/2"]
[WhiteElo "2250"]
[BlackElo "2435"]
[PlyCount "82"]
[EventDate "1989.07.31"]
[EventType "swiss"]
[EventRounds "11"]
[EventCountry "GBR"]
[SourceTitle "BritBase"]
[Source "John Saunders"]
[SourceDate "2023.12.16"]
[SourceVersion "1"]
[SourceVersionDate "2023.12.16"]
[SourceQuality "1"]

1. d4 d6 2. e4 g6 3. Nc3 Bg7 4. f4 Nc6 5. Be3 Nf6 6. Nf3 O-O 7. Qd2 e5 8. dxe5
dxe5 9. Qxd8 Rxd8 10. fxe5 Ng4 11. Bg5 Rd7 12. e6 fxe6 13. Bc4 Rf7 14. O-O h6
15. Bd2 Nd4 16. h3 Nxf3+ 17. gxf3 Ne5 18. Be2 g5 19. h4 Bf6 20. f4 gxf4 21.
Bxf4 Bd7 22. Kh1 Bg7 23. Bh5 Rf6 24. Be2 Raf8 25. Bg3 Rxf1+ 26. Rxf1 Rxf1+ 27.
Bxf1 a6 28. Kg1 Kf7 29. Kf2 Ke7 30. Be2 c5 31. Ke3 Be8 32. Nd1 b5 33. b3 Nc6
34. c3 Ne5 35. Nf2 Nd7 36. Kd2 Be5 37. Bxe5 Nxe5 38. Ng4 Nxg4 39. Bxg4 Kd6 40.
b4 c4 41. Ke3 Ke5 1/2-1/2

[Event "GBR-ch76"]
[Site "Plymouth"]
[Date "1989.08.04"]
[Round "5.21"]
[White "Rogers, Jonathan W"]
[Black "Cavendish, James"]
[Result "1/2-1/2"]
[WhiteElo "2335"]
[BlackElo "2390"]
[PlyCount "68"]
[EventDate "1989.07.31"]
[EventType "swiss"]
[EventRounds "11"]
[EventCountry "GBR"]
[SourceTitle "BritBase"]
[Source "John Saunders"]
[SourceDate "2023.12.16"]
[SourceVersion "1"]
[SourceVersionDate "2023.12.16"]
[SourceQuality "1"]

1. e4 e6 2. d4 d5 3. Nd2 Nf6 4. Bd3 c5 5. dxc5 dxe4 6. Nxe4 Nxe4 7. Bxe4 Qxd1+
8. Kxd1 Bxc5 9. Ke2 f5 10. Bf3 Nc6 11. Bxc6+ bxc6 12. c4 Bd4 13. Nf3 Bf6 14.
Rb1 e5 15. Re1 O-O 16. Kf1 e4 17. Ng1 a5 18. b3 a4 19. Bb2 axb3 20. axb3 Bxb2
21. Rxb2 Ba6 22. Ne2 Rfb8 23. Rc1 c5 24. Ke1 Rb4 25. Ra1 Bb7 26. Rxa8+ Bxa8 27.
Nc1 g5 28. Ra2 Rb8 29. Ra5 Rc8 30. g3 Kf7 31. Ne2 Rb8 32. Kd2 Kf6 33. Nc3 f4
34. gxf4 gxf4 1/2-1/2

[Event "GBR-ch76"]
[Site "Plymouth"]
[Date "1989.08.04"]
[Round "5.26"]
[White "Tozer, Richard JD"]
[Black "Nicholson, John Graham"]
[Result "1/2-1/2"]
[WhiteElo "2235"]
[BlackElo "2295"]
[PlyCount "79"]
[EventDate "1989.07.31"]
[EventType "swiss"]
[EventRounds "11"]
[EventCountry "GBR"]
[SourceTitle "BritBase"]
[Source "John Saunders"]
[SourceDate "2023.12.16"]
[SourceVersion "1"]
[SourceVersionDate "2023.12.16"]
[SourceQuality "1"]

1. d4 Nf6 2. c4 c5 3. d5 b5 4. Nf3 g6 5. cxb5 a6 6. Nc3 axb5 7. e4 b4 8. e5
bxc3 9. exf6 Qa5 10. bxc3 Qxc3+ 11. Bd2 Qxf6 12. Rc1 Bg7 13. Bc4 O-O 14. O-O
Ba6 15. Bg5 Qd6 16. Re1 Bxc4 17. Rxc4 Re8 18. Qd2 Na6 19. Bf4 e5 20. dxe6 Qxd2
21. exf7+ Kxf7 22. Bxd2 d5 23. Ng5+ Kg8 24. Ra4 Rxe1+ 25. Bxe1 Re8 26. Kf1 Nc7
27. Ra7 Nb5 28. Rd7 d4 29. a4 Na3 30. a5 Nc2 31. Nf3 Nxe1 32. Nxe1 Ra8 33. Rc7
Rxa5 34. Nd3 Bf8 35. g4 Ra3 36. Nxc5 d3 37. Ne4 Bg7 38. Rd7 Ra1+ 39. Kg2 Ra4
40. f3 1/2-1/2

[Event "GBR-ch76"]
[Site "Plymouth"]
[Date "1989.08.04"]
[Round "5.29"]
[White "Forbes, Cathy"]
[Black "Coleman, David J"]
[Result "1-0"]
[WhiteElo "2055"]
[BlackElo "2295"]
[PlyCount "93"]
[EventDate "1989.07.31"]
[EventType "swiss"]
[EventRounds "11"]
[EventCountry "GBR"]
[SourceTitle "BritBase"]
[Source "John Saunders"]
[SourceDate "2023.12.16"]
[SourceVersion "1"]
[SourceVersionDate "2023.12.16"]
[SourceQuality "1"]

1. c4 g6 2. g3 Bg7 3. Bg2 c5 4. Nc3 Nc6 5. b3 e6 6. Bb2 Nge7 7. Rb1 O-O 8. Ne4
d6 9. Bxg7 Kxg7 10. Nf3 e5 11. O-O f5 12. Nc3 Be6 13. e3 Bg8 14. d4 cxd4 15.
exd4 e4 16. Ng5 d5 17. c5 h6 18. Nh3 g5 19. b4 Ng6 20. b5 Nce7 21. Qa4 Be6 22.
Rfc1 f4 23. Kh1 Qd7 24. c6 bxc6 25. bxc6 Nxc6 26. Nxe4 f3 27. Nc5 fxg2+ 28. Kg1
Qf7 29. Nxe6+ Qxe6 30. Qxc6 Qg8 31. Rb7+ Kh8 32. Rc5 Rae8 33. Qxd5 Re6 34. Nxg5
Re1+ 35. Kxg2 Qxd5+ 36. Rxd5 hxg5 37. Rdd7 Rc8 38. Rh7+ Kg8 39. Rhg7+ Kf8 40.
Rxg6 Rc2 41. Rxa7 Ree2 42. Rf6+ Kg8 43. d5 g4 44. d6 Red2 45. d7 Rc1 46. Rb6
Rcd1 47. Rb8+ 1-0

[Event "GBR-ch76"]
[Site "Plymouth"]
[Date "1989.08.05"]
[Round "6.1"]
[White "Flear, Glenn C"]
[Black "Chandler, Murray G"]
[Result "1/2-1/2"]
[WhiteElo "2435"]
[BlackElo "2585"]
[PlyCount "56"]
[EventDate "1989.07.31"]
[EventType "swiss"]
[EventRounds "11"]
[EventCountry "GBR"]
[SourceTitle "ChessBase 2017"]
[Source "ChessBase"]
[SourceDate "1990.06.01"]
[SourceVersion "1"]
[SourceVersionDate "1990.06.01"]
[SourceQuality "1"]

1. d4 e6 2. c4 f5 3. g3 Nf6 4. Bg2 c6 5. Nh3 d5 6. O-O Bd6 7. Nc3 O-O 8. Bf4
dxc4 9. e4 Bxf4 10. Nxf4 fxe4 11. Bxe4 Na6 12. Re1 Nb4 13. Bg2 Qd6 14. Bh3 Nbd5
15. Bxe6+ Bxe6 16. Nxe6 Rfe8 17. Nxd5 cxd5 18. Ng5 b5 19. Nf3 Re4 20. Ne5 Qb6
21. Rxe4 dxe4 22. a4 Rd8 23. axb5 Qxb5 24. Qa4 Qxa4 25. Rxa4 Rxd4 26. Rxa7 h5
27. Ra1 Nd5 28. Re1 c3 1/2-1/2

[Event "GBR-ch76"]
[Site "Plymouth"]
[Date "1989.08.05"]
[Round "6.2"]
[White "Hodgson, Julian M"]
[Black "Plaskett, H James"]
[Result "0-1"]
[WhiteElo "2535"]
[BlackElo "2460"]
[PlyCount "76"]
[EventDate "1989.07.31"]
[EventType "swiss"]
[EventRounds "11"]
[EventCountry "GBR"]
[SourceTitle "BritBase"]
[Source "John Saunders"]
[SourceDate "2023.12.16"]
[SourceVersion "1"]
[SourceVersionDate "2023.12.16"]
[SourceQuality "1"]

1. c4 e5 2. g3 Nf6 3. Bg2 Nc6 4. Nf3 d5 5. cxd5 Nxd5 6. O-O Be7 7. d4 e4 8. Ne5
f5 9. Qa4 Qd6 10. Nxc6 Bd7 11. Qb3 Bxc6 12. Na3 Qf6 13. Nc4 Qxd4 14. Rd1 Qf6
15. g4 Nb6 16. Nxb6 axb6 17. Qg3 fxg4 18. Bf4 O-O 19. Be5 Qh6 20. Bxc7 Bh4 21.
Qb3+ Kh8 22. Rf1 b5 23. Rad1 Qf6 24. Bg3 Bg5 25. e3 h5 26. Rd4 Rad8 27. Rxd8
Rxd8 28. Qc2 Rd3 29. Rc1 h4 30. Bc7 h3 31. Bf1 Rxe3 32. Rd1 Rf3 33. Bb6 e3 34.
fxe3 Bxe3+ 35. Bxe3 Rxe3 36. Qc5 Re5 37. Rd8+ Qxd8 38. Qxe5 Qb6+ 0-1